[Event "BL2 West 1617 (Women)"]
[Site "Germany"]
[Date "2017.03.26"]
[Round "7.3"]
[White "Schmidt, Andrea"]
[Black "Rahimi, Rozafa"]
[Result "1-0"]
[WhiteElo "2008"]
[BlackElo "1792"]
[PlyCount "51"]
[EventDate "2016.10.22"]
[EventType "team-tourn"]
[EventRounds "7"]
[EventCountry "GER"]
[SourceTitle "EXT 2018"]
[Source "ChessBase"]
[SourceDate "2017.10.13"]
[SourceVersion "1"]
[SourceVersionDate "2017.10.13"]
[SourceQuality "1"]
[WhiteTeam "Wattenscheid (W)"]
[BlackTeam "Heiden (W)"]
[WhiteTeamCountry "GER"]
[BlackTeamCountry "GER"]

1. e4 b6 2. d4 Bb7 3. Nc3 e6 4. a3 Nf6 5. Bd3 c5 6. dxc5 Bxc5 7. Qe2 Nc6 8. Nf3 Nd4 9. Nxd4 Bxd4 10. Nb5 Bc5 11. b4 Be7 12. 0-0 a6 13. Nd4 d6 14. Bb2 0-0 15. Kh1 Qc7 16. f4 h5 17. Rae1 Rfd8 18. h3 g6 19. Qf2 Rf8 20. Qg3 h4 21. Qxh4 Nxe4 22. Qg4 Nf6 23. Nxe6 Nxg4 24. Nxc7 Bh4 25. hxg4 Rac8 26. Re3 1-0

[Event "BL2 West 1617 (Women)"]
[Site "Germany"]
[Date "2017.02.12"]
[Round "5.1"]
[White "Rahimi, Rozafa"]
[Black "Plass, Mariana Camelia"]
[Result "0-1"]
[WhiteElo "1792"]
[BlackElo "2068"]
[PlyCount "92"]
[EventDate "2016.10.22"]
[EventType "team-tourn"]
[EventRounds "7"]
[EventCountry "GER"]
[SourceTitle "EXT 2018"]
[Source "ChessBase"]
[SourceDate "2017.10.13"]
[SourceVersion "1"]
[SourceVersionDate "2017.10.13"]
[SourceQuality "1"]
[WhiteTeam "Heiden (W)"]
[BlackTeam "Horst Emscher (W)"]
[WhiteTeamCountry "GER"]
[BlackTeamCountry "GER"]

1. b3 Nf6 2. Bb2 e6 3. e3 Be7 4. Nc3 c5 5. Nce2 Nc6 6. Ng3 d5 7. Nf3 Qc7 8. d4 0-0 9. Be2 cxd4 10. exd4 b6 11. 0-0 Bd6 12. Bb5 Bb7 13. Bxc6 Bxc6 14. Ne5 Rac8 15. Rc1 Nd7 16. f4 Bb5 17. Rf2 f6 18. Nxd7 Bxd7 19. Qf3 b5 20. a3 f5 21. Ne2 Qa5 22. b4 Qb6 23. g3 Rc4 24. c3 a5 25. Kg2 Rfc8 26. Rff1 R4c7 27. h3 Be8 28. Kh2 Qc6 29. Qd3 Qc4 30. Qxc4 dxc4 31. Ng1 Bc6 32. Nf3 Bd5 33. Ne5 Ra8 34. Ra1 Rca7 35. Rfe1 Kf8 36. g4 axb4 37. axb4 Ra2 38. Rab1 Be4 39. Rxe4 fxe4 40. Kg3 Bxe5 41. fxe5 Ke7 42. Bc1 Ra1 43. Rxa1 Rxa1 44. Bd2 Rd1 45. Bg5+ Kd7 46. Be3 Rd3 0-1

[Event "BL2 West 1617 (Women)"]
[Site "Germany"]
[Date "2016.10.23"]
[Round "2.2"]
[White "Benzen, Marthe"]
[Black "Rahimi, Rozafa"]
[Result "1-0"]
[WhiteElo "2043"]
[BlackElo "1792"]
[PlyCount "47"]
[EventDate "2016.10.22"]
[EventType "team-tourn"]
[EventRounds "7"]
[EventCountry "GER"]
[SourceTitle "EXT 2018"]
[Source "ChessBase"]
[SourceDate "2017.10.13"]
[SourceVersion "1"]
[SourceVersionDate "2017.10.13"]
[SourceQuality "1"]
[WhiteTeam "Kiel Doppelbauer (W)"]
[BlackTeam "Heiden (W)"]
[WhiteTeamCountry "GER"]
[BlackTeamCountry "GER"]

1. e4 b6 2. d4 Bb7 3. Nc3 e6 4. Bd3 Nf6 5. Nge2 c5 6. 0-0 cxd4 7. Nxd4 Be7 8. e5 Nd5 9. Ne4 Nb4 10. Nb5 Bxe4 11. Bxe4 N8c6 12. a3 Na6 13. b4 Rb8 14. Bf4 g5 15. Bg3 h5 16. h3 Nc7 17. Nd6+ Bxd6 18. exd6 Nd5 19. Bxd5 exd5 20. Qxd5 Kf8 21. b5 Na5 22. Rfe1 Rc8 23. Re7 Rh7 24. Qf5 1-0

[Event "Solingen Karneval op"]
[Site "Solingen"]
[Date "2016.02.07"]
[Round "5"]
[White "Rahimi, Rozafa"]
[Black "Vehmeyer, Thomas"]
[Result "1-0"]
[WhiteElo "1632"]
[BlackElo "1854"]
[PlyCount "89"]
[EventDate "2016.02.05"]
[EventType "swiss"]
[EventRounds "5"]
[EventCountry "GER"]
[SourceTitle "EXT 2018"]
[Source "ChessBase"]
[SourceDate "2017.10.13"]
[SourceVersion "1"]
[SourceVersionDate "2017.10.13"]
[SourceQuality "1"]

1. d4 d5 2. Bf4 Nc6 3. Nf3 Bg4 4. e3 a6 5. c3 Qd7 6. Nbd2 e6 7. Be2 Nf6 8. h3 Bf5 9. Nh4 Bg6 10. Ndf3 Be4 11. Ne5 Nxe5 12. dxe5 Ng8 13. Bd3 Bxd3 14. Qxd3 Be7 15. Nf3 f6 16. 0-0-0 0-0-0 17. Rhe1 Kb8 18. Kb1 Bc5 19. Re2 Ne7 20. Red2 Ng6 21. Bg3 f5 22. c4 c6 23. Qc3 Qe7 24. a3 Rhf8 25. b4 Bb6 26. c5 Bc7 27. Rb2 h6 28. a4 f4 29. exf4 Nxf4 30. b5 axb5 31. axb5 cxb5 32. Rxb5 Ne2 33. Qb2 Nxg3 34. fxg3 Rxf3 35. gxf3 Qg5 36. f4 Qxg3 37. Rd4 Qxh3 38. Rxb7+ Kc8 39. c6 Qf1+ 40. Qc1 Qa6 41. Qc2 Rf8 42. Ra4 Ba5 43. Rxa5 Qxa5 44. Rb8+ Kxb8 45. Qb3+ 1-0

[Event "GER-ch U18 Girls"]
[Site "Magdeburg"]
[Date "2014.06.13"]
[Round "8"]
[White "Rahimi, Rozafa"]
[Black "Gast, Antonia"]
[Result "1-0"]
[WhiteElo "1669"]
[BlackElo "1550"]
[PlyCount "105"]
[EventDate "2014.06.08"]
[EventType "swiss"]
[EventRounds "9"]
[EventCountry "GER"]
[SourceTitle "CBM 160 Extra"]
[Source "ChessBase"]
[SourceDate "2014.07.01"]
[SourceVersion "1"]
[SourceVersionDate "2014.07.01"]
[SourceQuality "1"]

1. d4 Nf6 2. Bf4 d6 3. e3 g6 4. Nf3 Bg7 5. Bd3 Nbd7 6. Nbd2 0-0 7. 0-0 Re8 8. e4 e5 9. Be3 h6 10. h3 c6 11. c3 d5 12. Qc2 dxe4 13. Bxe4 Qe7 14. Rfe1 Qf8 15. Bd3 b6 16. dxe5 Nxe5 17. Nxe5 Rxe5 18. Bf4 Rxe1+ 19. Rxe1 Bb7 20. Nc4 Rd8 21. Kf1 c5 22. Ne5 Re8 23. Bc4 Bd5 24. Qb3 Bxc4+ 25. Qxc4 Nh5 26. Nxg6 Rxe1+ 27. Kxe1 Qe8+ 28. Kf1 Kh7 29. Nh4 Nxf4 30. Qxf4 Qb5+ 31. Kg1 Qe2 32. Qxf7 Qe1+ 33. Kh2 Qe5+ 34. g3 Qe2 35. Qf5+ Kg8 36. Ng6 Qe8 37. Nf4 Qe1 38. Qe6+ Qxe6 39. Nxe6 Be5 40. Nd8 Bd6 41. Ne6 Kf7 42. Nf4 Kf6 43. Kg2 Ke5 44. Kf3 Kf6 45. Kg4 Bf8 46. Nh5+ Kg6 47. f4 c4 48. f5+ Kf7 49. Kf4 a5 50. a4 Bc5 51. Ke4 Ke7 52. Kd5 Be3 53. Kxc4 1-0

[Event "GER-ch U18 Girls"]
[Site "Magdeburg"]
[Date "2014.06.12"]
[Round "7"]
[White "Halas, Lena"]
[Black "Rahimi, Rozafa"]
[Result "1-0"]
[WhiteElo "1726"]
[BlackElo "1669"]
[PlyCount "81"]
[EventDate "2014.06.08"]
[EventType "swiss"]
[EventRounds "9"]
[EventCountry "GER"]
[SourceTitle "CBM 160 Extra"]
[Source "ChessBase"]
[SourceDate "2014.07.01"]
[SourceVersion "1"]
[SourceVersionDate "2014.07.01"]
[SourceQuality "1"]

1. e4 c6 2. d4 d5 3. exd5 cxd5 4. Bd3 Nc6 5. c3 Nf6 6. h3 e6 7. Nd2 Bd6 8. Ngf3 Bd7 9. 0-0 h6 10. Re1 Qc7 11. Nf1 0-0 12. Qe2 Bf4 13. Bxf4 Qxf4 14. Ne5 Rad8 15. g3 Qg5 16. f4 Qh5 17. Qg2 Nh7 18. Nh2 Bc8 19. Nhf3 f5 20. Nh4 Ne7 21. Be2 Qe8 22. a4 a6 23. Nhf3 Ng6 24. Nd3 Rf6 25. Nfe5 Qe7 26. Bh5 Nxe5 27. Rxe5 Rff8 28. Bf3 Nf6 29. g4 Nd7 30. Rxe6 Qf7 31. Bxd5 Nf6 32. Rxf6 Qxd5 33. Rxf8+ Kxf8 34. Qxd5 Rxd5 35. Ne5 b5 36. axb5 Rxb5 37. b4 fxg4 38. hxg4 Rb6 39. Ra5 Rf6 40. f5 h5 41. Rc5 1-0

[Event "GER-ch U18 Girls"]
[Site "Magdeburg"]
[Date "2014.06.11"]
[Round "6"]
[White "Rahimi, Rozafa"]
[Black "Kreitmeier, Anika"]
[Result "0-1"]
[WhiteElo "1669"]
[BlackElo "1332"]
[PlyCount "66"]
[EventDate "2014.06.08"]
[EventType "swiss"]
[EventRounds "9"]
[EventCountry "GER"]
[SourceTitle "CBM 160 Extra"]
[Source "ChessBase"]
[SourceDate "2014.07.01"]
[SourceVersion "1"]
[SourceVersionDate "2014.07.01"]
[SourceQuality "1"]

1. b3 e5 2. Bb2 Nc6 3. Nc3 d5 4. e3 Nf6 5. Be2 Be7 6. d3 Be6 7. Nf3 0-0 8. 0-0 Qd7 9. h3 Rad8 10. Qd2 Bxh3 11. gxh3 Qxh3 12. Nh2 Bd6 13. Bd1 e4 14. f3 Rfe8 15. Qg2 Qh6 16. f4 exd3 17. Rf3 Bc5 18. Bc1 Re6 19. Rh3 Qxf4 20. Qg3 Qxg3+ 21. Rxg3 Rde8 22. Nf1 Nb4 23. cxd3 Nxd3 24. Bd2 Nb4 25. Kg2 d4 26. Nb5 Rd8 27. Rc1 Na6 28. exd4 Bxd4 29. Nxc7 Nxc7 30. Rd3 Rc6 31. Rxc6 bxc6 32. Be3 Ne6 33. Kg1 Bxe3+ 0-1

[Event "GER-ch U18 Girls"]
[Site "Magdeburg"]
[Date "2014.06.08"]
[Round "2"]
[White "Herbrig, Marie Helen"]
[Black "Rahimi, Rozafa"]
[Result "1-0"]
[WhiteElo "1725"]
[BlackElo "1669"]
[PlyCount "99"]
[EventDate "2014.06.08"]
[EventType "swiss"]
[EventRounds "9"]
[EventCountry "GER"]
[SourceTitle "CBM 160 Extra"]
[Source "ChessBase"]
[SourceDate "2014.07.01"]
[SourceVersion "1"]
[SourceVersionDate "2014.07.01"]
[SourceQuality "1"]

1. e4 d5 2. exd5 Nf6 3. d4 Nxd5 4. c4 Nf6 5. Nc3 Bf5 6. Qf3 Qc8 7. Bf4 c6 8. Qe3 e6 9. Nf3 Nbd7 10. Be2 Be7 11. h3 h5 12. Ne5 Nxe5 13. Bxe5 Qd8 14. Qg3 Bg6 15. Bd3 Bxd3 16. Qxd3 Bd6 17. Qg3 Bf8 18. 0-0 Rh6 19. Ne2 Ne4 20. Qe3 Nd6 21. b3 Nf5 22. Qc3 Rg6 23. Nf4 Rg5 24. Rfe1 Bd6 25. d5 c5 26. dxe6 Bxe5 27. Qxe5 Nd4 28. exf7+ Kxf7 29. Qe3 Qf6 30. Qe4 Rb8 31. Re3 Nf3+ 32. Rxf3 Qxa1+ 33. Kh2 Kg8 34. Qe6+ Kh7 35. h4 Re5 36. Qg6+ Kg8 37. Ne6 Re1 38. Qf7+ Kh8 39. Qxh5+ Kg8 40. Qf7+ Kh8 41. Ng5 Qe5+ 42. g3 Qe8 43. Qf5 g6 44. Qf6+ Kg8 45. Nf7 Kh7 46. Qf4 Qf8 47. Ng5+ Kg8 48. Qc7 Qxf3 49. Nxf3 Ree8 50. Ng5 1-0

[Event "GER-ch U16 Girls"]
[Site "Oberhof"]
[Date "2011.06.18"]
[Round "9"]
[White "Rahimi, Rozafa"]
[Black "Wulf, Constanze"]
[Result "1-0"]
[WhiteElo "1530"]
[BlackElo "1296"]
[PlyCount "55"]
[EventDate "2011.06.11"]
[EventType "swiss"]
[EventRounds "9"]
[EventCountry "GER"]
[SourceTitle "CBM 142 Extra"]
[Source "ChessBase"]
[SourceDate "2011.06.27"]
[SourceVersion "1"]
[SourceVersionDate "2011.06.27"]
[SourceQuality "1"]

1. d4 Nf6 2. Nf3 g6 3. Bf4 Bg7 4. e3 0-0 5. Be2 d6 6. 0-0 Be6 7. c4 c5 8. d5 Bc8 9. Nc3 Nbd7 10. Rc1 a6 11. a3 Qa5 12. h3 h6 13. Nh2 Kh7 14. Bg3 Ng8 15. Bd3 Ne5 16. Bxe5 Bxe5 17. f4 Bg7 18. Qf3 Rb8 19. h4 Bd7 20. h5 Qc7 21. hxg6+ fxg6 22. Qg3 Be8 23. Nf3 Bxc3 24. Rxc3 Bf7 25. Nh4 Qd8 26. Nxg6 Re8 27. Ne5+ Kh8 28. Nxf7# 1-0

[Event "GER-ch U14 Girls"]
[Site "Willingen"]
[Date "2009.06.06"]
[Round "9"]
[White "Spangenberg, Romy"]
[Black "Rahimi, Rozafa"]
[Result "1/2-1/2"]
[WhiteElo "1453"]
[BlackElo "1408"]
[PlyCount "39"]
[EventDate "2009.05.30"]
[EventType "swiss"]
[EventRounds "9"]
[EventCountry "GER"]
[SourceTitle "EXT 2010"]
[Source "ChessBase"]
[SourceDate "2010.11.25"]
[SourceVersion "1"]
[SourceVersionDate "2010.11.25"]
[SourceQuality "1"]

1. e4 e5 2. Nf3 Nc6 3. d4 exd4 4. Nxd4 Nf6 5. Nxc6 bxc6 6. e5 Qe7 7. Qe2 Nd5 8. c4 Ba6 9. b3 0-0-0 10. Bb2 Qg5 11. Nd2 Bc5 12. g3 Rhe8 13. 0-0-0 f6 14. Qf3 Nb6 15. exf6 Rf8 16. Bd3 Qh6 17. f7 Qe6 18. Rhe1 Qxf7 19. Qxf7 Rxf7 20. f4 1/2-1/2

[Event "GER-ch U14 Girls"]
[Site "Willingen"]
[Date "2009.06.05"]
[Round "8"]
[White "Rahimi, Rozafa"]
[Black "Lange, Annika"]
[Result "1-0"]
[WhiteElo "1408"]
[BlackElo "1275"]
[PlyCount "120"]
[EventDate "2009.05.30"]
[EventType "swiss"]
[EventRounds "9"]
[EventCountry "GER"]
[SourceTitle "EXT 2010"]
[Source "ChessBase"]
[SourceDate "2010.11.25"]
[SourceVersion "1"]
[SourceVersionDate "2010.11.25"]
[SourceQuality "1"]

1. d4 d5 2. Bf4 g6 3. Nf3 Bg7 4. e3 Nf6 5. Bd3 0-0 6. Nbd2 Nc6 7. c3 b6 8. 0-0 Bb7 9. Re1 e6 10. e4 dxe4 11. Nxe4 Nxe4 12. Bxe4 Rb8 13. Qd2 Re8 14. Bh6 Bh8 15. Re2 Ne7 16. Bxb7 Rxb7 17. Rae1 Rb8 18. Bf4 Rc8 19. Be5 Bxe5 20. Nxe5 Kg7 21. Qf4 Rf8 22. Ng4 Nd5 23. Qh6+ Kg8 24. Ne5 c5 25. Re4 Nf6 26. Rh4 Re8 27. Ng4 Nxg4 28. Qxh7+ Kf8 29. Rxg4 Qf6 30. Ree4 Qg7 31. Qxg7+ Kxg7 32. dxc5 Red8 33. Kf1 Rxc5 34. Rc4 Rcd5 35. Rgd4 Rxd4 36. Rxd4 Rxd4 37. cxd4 Kf6 38. Ke2 Ke7 39. Ke3 Kd6 40. h4 e5 41. g4 exd4+ 42. Kxd4 f6 43. h5 gxh5 44. gxh5 Ke7 45. Ke4 Kf7 46. Kf5 Kg7 47. h6+ Kxh6 48. Kxf6 Kh5 49. f4 Kh6 50. f5 a6 51. Ke7 Kg7 52. f6+ Kg8 53. f7+ Kg7 54. f8Q+ Kg6 55. Qf6+ Kh5 56. Qg7 Kh4 57. Kf6 Kh3 58. Kf5 Kh2 59. Kf4 Kh1 60. Kf3 Kh2 1-0

[Event "GER-ch U14 Girls"]
[Site "Willingen"]
[Date "2009.06.03"]
[Round "6"]
[White "Liez, Franziska"]
[Black "Rahimi, Rozafa"]
[Result "1-0"]
[WhiteElo "1037"]
[BlackElo "1408"]
[PlyCount "101"]
[EventDate "2009.05.30"]
[EventType "swiss"]
[EventRounds "9"]
[EventCountry "GER"]
[SourceTitle "EXT 2010"]
[Source "ChessBase"]
[SourceDate "2010.11.25"]
[SourceVersion "1"]
[SourceVersionDate "2010.11.25"]
[SourceQuality "1"]

1. e4 c5 2. Nf3 d6 3. Nc3 Nc6 4. g3 Nf6 5. Bg2 Bg4 6. d3 e6 7. Be3 Be7 8. Qd2 Qb6 9. b3 d5 10. exd5 exd5 11. Na4 Qb4 12. 0-0 Qxd2 13. Nxd2 Nd7 14. Bxd5 Rc8 15. Rfe1 0-0 16. Rab1 Nb4 17. Bxb7 Rb8 18. Be4 Nxc2 19. Rec1 Na3 20. Ra1 Bf6 21. Bxc5 Nxc5 22. Nxc5 Bxa1 23. Rxa1 Rfc8 24. Rc1 Nb5 25. b4 Nd4 26. Rc4 Ne6 27. Ndb3 Nxc5 28. Nxc5 Be6 29. Nxe6 fxe6 30. b5 h6 31. h4 Kf8 32. a4 Ke7 33. Rd4 Rd8 34. Rc4 Rbc8 35. Rb4 Rd6 36. Kg2 Rcd8 37. a5 Rb8 38. f4 Kf6 39. g4 e5 40. Kf3 Rd4 41. Rxd4 exd4 42. Bc6 Rd8 43. Ke4 Ke6 44. h5 Kf6 45. b6 axb6 46. a6 b5 47. a7 b4 48. a8Q Rxa8 49. Bxa8 b3 50. Bd5 b2 51. Ba2 1-0

[Event "GER-ch U12"]
[Site "Willingen"]
[Date "2008.05.14"]
[Round "6"]
[White "Puffay, Jana"]
[Black "Rahimi, Rozafa"]
[Result "1/2-1/2"]
[WhiteElo "1047"]
[BlackElo "1297"]
[PlyCount "84"]
[EventDate "2008.05.11"]
[EventType "swiss"]
[EventRounds "11"]
[EventCountry "GER"]
[SourceTitle "CBM 124 Extra"]
[Source "ChessBase"]
[SourceDate "2008.07.03"]
[SourceVersion "1"]
[SourceVersionDate "2008.07.03"]
[SourceQuality "1"]

1. e4 c5 2. d4 cxd4 3. Qxd4 Nc6 4. Qd1 Nf6 5. Nc3 e6 6. Bc4 Bb4 7. Nge2 Nxe4 8. Bd2 Nf6 9. a3 Ba5 10. 0-0 d5 11. Bb3 0-0 12. Bg5 h6 13. Bh4 Ne5 14. Nf4 g5 15. Bg3 gxf4 16. Bxf4 Ng6 17. Bxh6 Re8 18. Bg5 Qe7 19. Re1 Qd8 20. Ba4 Rf8 21. Bh6 Bd7 22. Bxd7 Qxd7 23. Bxf8 Rxf8 24. Qf3 Nh7 25. b4 Bc7 26. Rad1 Qd6 27. g3 Qc6 28. Re2 Rc8 29. Nb1 Bb6 30. h4 Qc7 31. Qg4 Qc4 32. Qxc4 Rxc4 33. h5 Ne7 34. Kg2 Rg4 35. f4 Kh8 36. Rf1 Rg8 37. Kh3 Nf5 38. g4 Nd4 39. Rd2 Nf6 40. Rg2 Rc8 41. c3 Nc6 42. Kh4 d4 1/2-1/2

[Event "GER-ch U12"]
[Site "Willingen"]
[Date "2008.05.14"]
[Round "7"]
[White "Rahimi, Rozafa"]
[Black "Bokemaer, David"]
[Result "1-0"]
[WhiteElo "1297"]
[BlackElo "1433"]
[PlyCount "87"]
[EventDate "2008.05.11"]
[EventType "swiss"]
[EventRounds "11"]
[EventCountry "GER"]
[SourceTitle "CBM 124 Extra"]
[Source "ChessBase"]
[SourceDate "2008.07.03"]
[SourceVersion "1"]
[SourceVersionDate "2008.07.03"]
[SourceQuality "1"]

1. d4 d5 2. Bf4 Nf6 3. e3 c5 4. c3 Nc6 5. Nf3 Bg4 6. Be2 e6 7. h3 Bh5 8. Nbd2 Qb6 9. b3 Be7 10. Rc1 0-0 11. 0-0 Rfe8 12. Nh2 Bxe2 13. Qxe2 Qa5 14. Qd3 Bf8 15. Nhf3 h6 16. a3 Qa6 17. Qc2 cxd4 18. cxd4 Qxa3 19. Ra1 Qb4 20. Rfc1 Rac8 21. Qb2 a6 22. Rc3 Na5 23. Rac1 Rxc3 24. Rxc3 Nc6 25. Ne5 Nxe5 26. Bxe5 Nd7 27. Nf3 Nxe5 28. Nxe5 Bd6 29. Nd3 Qa3 30. Qxa3 Bxa3 31. b4 Bxb4 32. Nxb4 Ra8 33. Ra3 a5 34. Nc2 b5 35. Kf1 Rc8 36. Ne1 a4 37. Nd3 Kf8 38. Nc5 Ke7 39. Ra1 Kd6 40. Ke2 g6 41. Kd3 f6 42. Rb1 Rb8 43. Nxa4 b4 44. Nc5 1-0

[Event "GER-ch U12"]
[Site "Willingen"]
[Date "2008.05.13"]
[Round "5"]
[White "Rahimi, Rozafa"]
[Black "Voggenreiter, Simon"]
[Result "0-1"]
[WhiteElo "1297"]
[BlackElo "1746"]
[PlyCount "52"]
[EventDate "2008.05.11"]
[EventType "swiss"]
[EventRounds "11"]
[EventCountry "GER"]
[SourceTitle "CBM 124 Extra"]
[Source "ChessBase"]
[SourceDate "2008.07.03"]
[SourceVersion "1"]
[SourceVersionDate "2008.07.03"]
[SourceQuality "1"]

1. d4 Nf6 2. Bf4 e6 3. e3 c5 4. c3 b6 5. Nf3 Bb7 6. Be2 Nc6 7. h3 d6 8. Nbd2 Rc8 9. Rc1 Be7 10. 0-0 0-0 11. Bd3 Re8 12. Bb1 Bf8 13. Bg5 h6 14. Bh4 Be7 15. Qc2 g6 16. Ne4 cxd4 17. Nxf6+ Bxf6 18. Bxf6 Qxf6 19. exd4 Nb4 20. Qa4 Bxf3 21. gxf3 Nc6 22. Qd1 b5 23. Qd3 b4 24. Rfd1 Ne7 25. cxb4 Qg5+ 26. Kh2 Rxc1 0-1

[Event "GER-ch U12"]
[Site "Willingen"]
[Date "2008.05.12"]
[Round "3"]
[White "Rahimi, Rozafa"]
[Black "Toews, Manuel"]
[Result "1-0"]
[WhiteElo "1297"]
[BlackElo "1617"]
[PlyCount "87"]
[EventDate "2008.05.11"]
[EventType "swiss"]
[EventRounds "11"]
[EventCountry "GER"]
[SourceTitle "CBM 124 Extra"]
[Source "ChessBase"]
[SourceDate "2008.07.03"]
[SourceVersion "1"]
[SourceVersionDate "2008.07.03"]
[SourceQuality "1"]

1. d4 Nf6 2. Bf4 d6 3. e3 g6 4. Nf3 Bg7 5. Bd3 0-0 6. Nbd2 Nbd7 7. c3 Re8 8. 0-0 e5 9. dxe5 dxe5 10. Bg5 h6 11. Bxf6 Nxf6 12. Bc4 Bg4 13. h3 e4 14. hxg4 exf3 15. gxf3 a6 16. Qc2 b5 17. Bb3 Nh7 18. Qxg6 Rf8 19. Rad1 Qe7 20. Ne4 Kh8 21. Qf5 Rad8 22. Rxd8 Rxd8 23. Qxf7 Qh4 24. Rd1 Rf8 25. Qe6 Qh3 26. f4 a5 27. a3 c5 28. g5 Qh5 29. g6 Nf6 30. Nxf6 Bxf6 31. f5 c4 32. Bc2 Qg4+ 33. Kf1 Qh3+ 34. Ke1 Qh1+ 35. Kd2 Qh2 36. Kc1 Qxf2 37. Rd7 Bg7 38. Rxg7 Qf1+ 39. Bd1 Qxd1+ 40. Kxd1 Rd8+ 41. Kc2 Rd2+ 42. Kxd2 Kxg7 43. Qe7+ Kh8 44. Qh7# 1-0

[Event "GER-ch U10"]
[Site "Willingen"]
[Date "2006.06.09"]
[Round "11"]
[White "Rahimi, Rozafa"]
[Black "Imgrunt, Philipp"]
[Result "1-0"]
[WhiteElo "1082"]
[BlackElo "982"]
[PlyCount "129"]
[EventDate "2006.06.04"]
[EventType "swiss"]
[EventRounds "11"]
[EventCountry "GER"]
[SourceTitle "EXT 2007"]
[Source "ChessBase"]
[SourceDate "2006.11.23"]
[SourceVersion "1"]
[SourceVersionDate "2006.11.23"]
[SourceQuality "1"]

1. e4 e5 2. f4 exf4 3. Nf3 Nc6 4. d4 f5 5. exf5 d5 6. Bb5 Bd6 7. Ne5 Bxe5 8. dxe5 Bxf5 9. 0-0 Nge7 10. Bxf4 a6 11. Bd3 0-0 12. Bg5 Bxd3 13. Rxf8+ Qxf8 14. Qxd3 Nxe5 15. Qd4 N5c6 16. Qg4 Ne5 17. Qe6+ Nf7 18. Bxe7 Qe8 19. Nc3 Rd8 20. Re1 Rd7 21. Bb4 Qxe6 22. Rxe6 Ng5 23. Re7 Rxe7 24. Bxe7 d4 25. Bxg5 dxc3 26. bxc3 h6 27. Bf4 c6 28. Kf2 Kf7 29. Ke3 Ke6 30. Kd4 g5 31. Bg3 b6 32. Bc7 b5 33. Kc5 Kd7 34. Kb6 a5 35. Be5 a4 36. Bg7 h5 37. h3 g4 38. hxg4 hxg4 39. a3 Kd6 40. Bh6 Kd5 41. Be3 Kd6 42. Ka5 Kd5 43. Kb4 Kd6 44. c4 bxc4 45. Kxc4 Kc7 46. Kb4 Kb7 47. Kxa4 Ka6 48. c4 Kb7 49. Ka5 Kc7 50. Ka6 Kc8 51. Kb6 Kb8 52. a4 Kc8 53. Kxc6 Kb8 54. Kb6 Kc8 55. a5 Kb8 56. a6 g3 57. c5 Ka8 58. c6 Kb8 59. c7+ Kc8 60. a7 Kd7 61. a8Q Ke6 62. c8Q+ Kf7 63. Qac6 Kg7 64. Q8e8 Kh7 65. Qcg6# 1-0

[Event "GER-ch U10"]
[Site "Willingen"]
[Date "2006.06.05"]
[Round "4"]
[White "Schroetter, Luisa"]
[Black "Rahimi, Rozafa"]
[Result "0-1"]
[WhiteElo "748"]
[BlackElo "1082"]
[PlyCount "78"]
[EventDate "2006.06.04"]
[EventType "swiss"]
[EventRounds "11"]
[EventCountry "GER"]
[SourceTitle "EXT 2007"]
[Source "ChessBase"]
[SourceDate "2006.11.23"]
[SourceVersion "1"]
[SourceVersionDate "2006.11.23"]
[SourceQuality "1"]

1. e4 d5 2. exd5 Qxd5 3. Nc3 Qa5 4. h3 Bf5 5. d4 c6 6. Bd2 Qc7 7. Bc4 a5 8. a4 Nf6 9. Nf3 e6 10. 0-0 Bd6 11. Re1 0-0 12. Qb1 Nbd7 13. Qc1 Nb6 14. Be2 Nbd5 15. Nxd5 cxd5 16. Bb5 Bxc2 17. Re3 Be4 18. Qxc7 Bxc7 19. Rc1 Bb6 20. Rec3 h6 21. Ne5 Bxd4 22. Rc7 Bxe5 23. Rxb7 Bxb2 24. Rcc7 d4 25. Ra7 Rxa7 26. Rxa7 Ra8 27. Rxa8+ Bxa8 28. Bxa5 Bc3 29. Bxc3 dxc3 30. Bd3 Be4 31. Bxe4 Nxe4 32. a5 c2 33. Kh2 c1Q 34. a6 Nxf2 35. a7 Qc7+ 36. Kg1 Qxa7 37. Kf1 Qa2 38. Kg1 Ne4 39. Kf1 Qf2# 0-1

[Event "GER-ch U10"]
[Site "Willingen"]
[Date "2006.06.04"]
[Round "3"]
[White "Rahimi, Rozafa"]
[Black "Volz, Alexander"]
[Result "0-1"]
[WhiteElo "1082"]
[BlackElo "1366"]
[PlyCount "116"]
[EventDate "2006.06.04"]
[EventType "swiss"]
[EventRounds "11"]
[EventCountry "GER"]
[SourceTitle "EXT 2007"]
[Source "ChessBase"]
[SourceDate "2006.11.23"]
[SourceVersion "1"]
[SourceVersionDate "2006.11.23"]
[SourceQuality "1"]

1. e4 c5 2. f4 e6 3. Nf3 d6 4. Be2 Nc6 5. 0-0 Nf6 6. d3 Be7 7. Bd2 Qb6 8. b3 c4+ 9. Kh1 cxd3 10. Bxd3 0-0 11. Nc3 Bd7 12. Na4 Qc7 13. Qe2 Rac8 14. e5 dxe5 15. fxe5 Nd5 16. c4 Nb6 17. Nxb6 Qxb6 18. Ng5 Bxg5 19. Bxg5 Qd4 20. Rad1 Qxe5 21. Qh5 h6 22. Rf3 Qxg5 23. Qxg5 hxg5 24. Rh3 f6 25. Bh7+ Kf7 26. Rxd7+ Ke8 27. Rxg7 Ne7 28. Bc2 Rd8 29. Rhh7 Rd7 30. Bg6+ Kd8 31. h3 Rd1+ 32. Kh2 Nxg6 33. Rxg6 Rd7 34. Rgg7 Rxg7 35. Rxg7 Kc8 36. Kg3 a5 37. a3 Rd8 38. b4 Rd3+ 39. Kf2 Rxa3 40. bxa5 Rxa5 41. Re7 Rf5+ 42. Ke3 e5 43. c5 Rf4 44. Kd3 Rf2 45. Re6 Rxg2 46. Rxf6 Rg3+ 47. Ke4 Rxh3 48. Kxe5 Ra3 49. Rg6 Ra5 50. Kd6 Ra6+ 51. c6 Rxc6+ 52. Ke7 Rxg6 53. Kf7 g4 54. Kxg6 g3 55. Kf5 g2 56. Kf4 g1Q 57. Kf3 Qh2 58. Ke4 b5 0-1

[Event "GER-ch U10"]
[Site "Willingen"]
[Date "2006.06.04"]
[Round "2"]
[White "Schulze, Tabea"]
[Black "Rahimi, Rozafa"]
[Result "0-1"]
[WhiteElo "869"]
[BlackElo "1082"]
[PlyCount "102"]
[EventDate "2006.06.04"]
[EventType "swiss"]
[EventRounds "11"]
[EventCountry "GER"]
[SourceTitle "EXT 2007"]
[Source "ChessBase"]
[SourceDate "2006.11.23"]
[SourceVersion "1"]
[SourceVersionDate "2006.11.23"]
[SourceQuality "1"]

1. e4 d5 2. Nc3 Nf6 3. d3 dxe4 4. dxe4 Qxd1+ 5. Nxd1 Nxe4 6. Nf3 Nc6 7. Bb5 Bd7 8. 0-0 0-0-0 9. Nc3 Nxc3 10. bxc3 g6 11. Rd1 Bg7 12. Bb2 a6 13. Bxc6 Bxc6 14. Rxd8+ Rxd8 15. Ng5 f6 16. Nxh7 Rh8 17. Nxf6 Bxf6 18. Rb1 Rd8 19. h3 Rd2 20. Rc1 Be4 21. Ba3 Bxc2 22. Re1 Rd1 23. Rxd1 Bxd1 24. g4 e6 25. f4 Bxc3 26. Kh2 Bc2 27. g5 Bb1 28. h4 Bxa2 29. Kg3 Be1+ 30. Kg4 Bc4 31. h5 Be2+ 32. Kh3 Bxh5 33. Be7 Kd7 34. Bf6 a5 35. Kg2 Be2 36. Kg1 a4 37. f5 exf5 38. Kh2 a3 39. Kg1 a2 40. Kh2 Bh4 41. Kh3 Bxg5 42. Bb2 Bc1 43. Bh8 b5 44. Kh4 b4 45. Kg3 b3 46. Kg2 b2 47. Kg1 Be3+ 48. Kg2 b1Q 49. Kg3 Qg1+ 50. Kh3 Bf4 51. Be5 Bg4+ 0-1